Vampire,Olivia Rodrigo lyrics - Statistics

General Stats
  • This quiz has been taken 8 times
  • The average score is 260 of 375
Answer Stats
Hint Answer % Correct
a
100%
and
100%
Couplet 2 And
100%
be
100%
But
100%
but
100%
do
100%
had
100%
how
100%
How
100%
I
100%
it
100%
it,
100%
like
100%
love,
100%
love
100%
me
100%
me,
100%
one
100%
so
100%
some
100%
that
100%
the
100%
The
100%
to
100%
vampire
100%
were
100%
you
100%
you,
100%
You
100%
Bleedin'
80%
Bloodsucker,
80%
Refrain 'Cause
80%
'cause
80%
dry,
80%
famefucker
80%
for
80%
God,
80%
God
80%
goddamn
80%
got
80%
heart
80%
know
80%
loved
80%
my
80%
night
80%
of
80%
said
80%
thing
80%
think
80%
too
80%
was
80%
what
80%
when
80%
would
80%
wouldn't
80%
your
80%
you're
80%
You're
80%
as
60%
As
60%
at
60%
bad,
60%
bad
60%
Can't
60%
can't
60%
ever
60%
every
60%
I'll
60%
Just
60%
just
60%
Look
60%
look
60%
made
60%
make
60%
mistakes
60%
naive
60%
never
60%
not
60%
now
60%
off
60%
oh
60%
only
60%
out
60%
out,
60%
see
60%
talked
60%
them
60%
true
60%
truly
60%
wanted
60%
way
60%
will
60%
worst
60%
about?
40%
anyone,
40%
better
40%
big
40%
care
40%
come
40%
diamonds
40%
doing
40%
eyes
40%
fine
40%
girl
40%
give
40%
Gotta
40%
Couplet 1 Hate
40%
hate
40%
her
40%
into
40%
I've
40%
kind
40%
known
40%
lie
40%
mean
40%
months
40%
paradise
40%
parties
40%
parts
40%
real
40%
should've
40%
sold
40%
sometimes
40%
sunk
40%
teeth
40%
told
40%
tried
40%
understand
40%
used
40%
you've
40%
age
20%
asking
20%
built
20%
called
20%
castel
20%
close
20%
convincing
20%
cool
20%
crazy,
20%
crazy
20%
figure
20%
flinching?
20%
forbidden
20%
fucked-up
20%
girls
20%
guy,
20%
hard?
20%
help
20%
How's
20%
knows
20%
laugh
20%
little
20%
mesmerizing,
20%
news
20%
paralyzing,
20%
people
20%
pretend
20%
satisfaction
20%
Six
20%
smart
20%
strange
20%
stupidity
20%
think's
20%
thrill
20%
torture
20%
Went
20%
without
20%
Ooh,
0%
No matching quizzes found
Score Distribution
Percent of People with Each Score
Percentile by Number Answered
Your Score History
You have not taken this quiz